[Event "TCh-RUS Premier 2023"]
[Site "Sochi RUS"]
[Date "2023.05.09"]
[Round "8.5"]
[Board "6"]
[White "Averin, Nikolay"]
[Black "Nesterov, Arseniy"]
[Result "1/2-1/2"]
[WhiteTitle "FM"]
[BlackTitle "GM"]
[WhiteElo "2293"]
[BlackElo "2562"]
[WhiteTeam "Shkola im. M.M. Botvinnika  (Moskva)"]
[BlackTeam "Russkaya shakhmatnaya shkola (Moskva)"]
[WhiteFideId "24250473"]
[BlackFideId "24198455"]
[EventDate "2023.05.01"]
[EventType "team"]

1. e4 e5 2. Nf3 Nc6 3. Bb5 a6 4. Ba4 f5 5. d3 fxe4 6. dxe4 Nf6 7. O-O d6 8. h3
Be7 9. Nc3 O-O 10. Bb3+ Kh8 11. Ng5 Qe8 12. Ne6 Bxe6 13. Bxe6 Nd4 14. Bc4 b5 15.
Bd3 c6 16. Ne2 Ne6 17. c3 d5 18. Ng3 Bc5 19. Bc2 Rd8 20. exd5 cxd5 21. Qe1 e4
22. Be3 Bd6 23. Rd1 Qg6 24. f4 Nh5 25. Nxh5 Qxh5 26. Rd2 Nxf4 27. Rdf2 Qg5 28.
Kh1 Qg3 29. Bxf4 Rxf4 30. Rxf4 Bxf4 31. Qxg3 Bxg3 32. Kg1 e3 33. Bd1 Bf2+ 34.
Kh2 g6 35. Be2 Kg7 36. Rd1 Kf6 37. g3 a5 38. a3 b4 39. axb4 axb4 40. Kg2 Ke5 41.
Bf3 h5 42. Rd3 b3 43. Kf1 Rd6 44. Ke2 Rd7 45. Rd4 Bg1 46. Rd1 Bf2 47. Rd4 g5 48.
Bxh5 Ra7 49. Rb4 Ra1 50. Rxb3 Re1+ 51. Kd3 Rg1 52. Rb5 Rxg3 53. Bg4 Kd6 54. Rb6+
Kc7 55. Rg6 Bg1 56. Rxg5 Rg2 57. Rxd5 Rxb2 58. Re5 Rd2+ 59. Kc4 1/2-1/2

[Event "TCh-RUS Premier 2023"]
[Site "Sochi RUS"]
[Date "2023.05.10"]
[Round "9.1"]
[Board "1"]
[White "Drygalov, Andrey"]
[Black "Uskov, Artem"]
[Result "1-0"]
[WhiteTitle "GM"]
[BlackTitle "IM"]
[WhiteElo "2484"]
[BlackElo "2367"]
[WhiteTeam "Ladya (Respublika Tatarstan)"]
[BlackTeam "Shkola im. M.M. Botvinnika  (Moskva)"]
[WhiteFideId "24171735"]
[BlackFideId "34254854"]
[EventDate "2023.05.01"]
[EventType "team"]

1. e4 c5 2. Nf3 d6 3. d4 cxd4 4. Qxd4 Nc6 5. Bb5 Bd7 6. Bxc6 Bxc6 7. Nc3 Nf6 8.
Bg5 e6 9. O-O-O Be7 10. Qd3 Qa5 11. h4 h6 12. Bd2 Qa6 13. Qxa6 bxa6 14. Rde1 Rc8
15. Nd4 Ba8 16. f3 d5 17. e5 Nd7 18. Re3 h5 19. Nce2 g6 20. b3 Nb8 21. Kb2 Bc5
22. Bc3 Nc6 23. Rd1 Kd7 24. g3 Rc7 25. Nf4 Rhc8 26. Re2 Be7 27. Nxc6 Bxc6 28.
Rh2 Ke8 29. Bd4 a5 30. g4 Bxh4 31. Rxh4 g5 32. Rxh5 gxf4 33. Rh8+ Kd7 34. Rh7
Ke8 35. Rd2 a4 36. Bc5 Rb7 37. Rd4 axb3 38. axb3 f5 39. Rh6 fxg4 40. Rxf4 Rg7
41. Rxe6+ Kd7 42. Rd6+ Kc7 43. Rxg4 Rxg4 44. fxg4 Rg8 45. Rf6 Rxg4 46. Rf7+ Kc8
47. Rxa7 Re4 48. Bd6 Bb7 49. Ra1 d4 50. Ra5 Bc6 51. Rc5 Kb7 52. Kc1 Re2 53. Rc4
Be4 54. e6 d3 55. cxd3 Bxd3 56. Rc7+ Kb6 57. e7 Bb5 58. Rc8 Re6 59. Rb8+ Ka6 60.
Bc5 Re1+ 61. Kd2 Re2+ 62. Kc3 Re6 63. Kd4 Re1 64. b4 Re6 1-0

[Event "TCh-RUS Premier 2023"]
[Site "Sochi RUS"]
[Date "2023.05.10"]
[Round "9.1"]
[Board "2"]
[White "Timofeev, Artyom"]
[Black "Rychagov, Andrey"]
[Result "1/2-1/2"]
[WhiteTitle "GM"]
[BlackTitle "GM"]
[WhiteElo "2567"]
[BlackElo "2547"]
[WhiteTeam "Ladya (Respublika Tatarstan)"]
[BlackTeam "Shkola im. M.M. Botvinnika  (Moskva)"]
[WhiteFideId "4140419"]
[BlackFideId "4119932"]
[EventDate "2023.05.01"]
[EventType "team"]

1. e4 e6 2. d4 d5 3. Nd2 c5 4. Ngf3 Nc6 5. Bb5 cxd4 6. Nxd4 Bd7 7. Nxc6 Bxc6 8.
Bxc6+ bxc6 9. c4 Be7 10. Qa4 Qd7 11. O-O Rb8 12. a3 dxe4 13. Nxe4 Nf6 14. Bf4
Rxb2 15. Be5 Rb7 16. Rfd1 Qc8 17. Bxf6 gxf6 18. c5 f5 19. Nd6+ Bxd6 20. Rxd6 O-O
21. Rad1 Qc7 22. Qh4 Qe7 23. Qg3+ Kh8 24. Qe5+ f6 25. Qxe6 Qxe6 26. Rxe6 Rff7
27. Rxc6 Rb3 28. a4 Ra3 29. Ra6 Rc3 30. c6 Rc7 31. Kf1 R3xc6 32. Rxc6 Rxc6 33.
Rd8+ Kg7 34. Rd7+ Kg6 35. Rxa7 Rc1+ 36. Ke2 Rc2+ 37. Ke3 f4+ 38. Kf3 Rc4 39. a5
Ra4 40. a6 Kf5 41. g4+ fxg3 42. hxg3 Ra3+ 43. Kg2 h5 44. Ra8 Kg6 45. Kh3 Ra4 46.
f3 Ra2 47. a7 Kg7 48. f4 Ra1 49. Kg2 Ra2+ 50. Kf3 Ra3+ 51. Ke4 Ra1 52. Kf5 Ra2
53. Ke6 Re2+ 54. Kd5 Rd2+ 55. Kc4 Ra2 56. Kc5 Ra1 57. Kd6 Rd1+ 58. Ke6 Re1+ 59.
Kf5 Ra1 60. Ke4 1/2-1/2

[Event "TCh-RUS Premier 2023"]
[Site "Sochi RUS"]
[Date "2023.05.10"]
[Round "9.1"]
[Board "3"]
[White "Sviridov, Valery"]
[Black "Tsydypov, Zhamsaran"]
[Result "1/2-1/2"]
[BlackTitle "GM"]
[WhiteElo "2545"]
[BlackElo "2538"]
[WhiteTeam "Shkola im. M.M. Botvinnika  (Moskva)"]
[BlackTeam "Ladya (Respublika Tatarstan)"]
[WhiteFideId "4120680"]
[BlackFideId "4108566"]
[EventDate "2023.05.01"]
[EventType "team"]

1. d4 Nf6 2. c4 e6 3. g3 c5 4. d5 exd5 5. cxd5 b5 6. a4 b4 7. Bg2 d6 8. Nf3 Bb7
9. O-O Be7 10. Re1 O-O 11. e4 Nbd7 12. Nbd2 Ng4 13. Nc4 Ba6 14. Bf1 Bxc4 15.
Bxc4 Bf6 1/2-1/2

[Event "TCh-RUS Premier 2023"]
[Site "Sochi RUS"]
[Date "2023.05.10"]
[Round "9.1"]
[Board "4"]
[White "Zakhartsov, Vladimir"]
[Black "Artemiev, Vladislav"]
[Result "0-1"]
[WhiteTitle "GM"]
[BlackTitle "GM"]
[WhiteElo "2547"]
[BlackElo "2701"]
[WhiteTeam "Shkola im. M.M. Botvinnika  (Moskva)"]
[BlackTeam "Ladya (Respublika Tatarstan)"]
[WhiteFideId "4145097"]
[BlackFideId "24101605"]
[EventDate "2023.05.01"]
[EventType "team"]

1. d4 Nf6 2. c4 e6 3. Nf3 Bb4+ 4. Bd2 Bxd2+ 5. Qxd2 O-O 6. Nc3 d5 7. e3 Qe7 8.
Rc1 Rd8 9. cxd5 exd5 10. Bd3 Nc6 11. Bb5 Rd6 12. Bxc6 Rxc6 13. Ne5 Re6 14. f3 b6
15. O-O Ba6 16. Rfe1 Re8 17. a3 c5 18. b4 cxd4 19. exd4 Bc4 20. f4 Qd6 21. Re3
Ba6 22. Rce1 R6e7 23. f5 h6 24. Qf2 Ne4 25. Nxe4 dxe4 26. Rg3 f6 27. Rg6 h5 28.
Kh1 Qd5 29. Qg3 Rf8 30. Rh6 fxe5 31. Qg6 Rf6 32. Qh7+ Kf8 33. Qh8+ Qg8 34. Rxf6+
gxf6 35. Qxf6+ Qf7 36. Qh8+ Qg8 37. Qf6+ Rf7 38. Qd6+ Kg7 39. Re3 Kh7 40. Rg3
Rxf5 0-1

[Event "TCh-RUS Premier 2023"]
[Site "Sochi RUS"]
[Date "2023.05.10"]
[Round "9.1"]
[Board "5"]
[White "Zverev, Lev"]
[Black "Samusenko, Maksim"]
[Result "0-1"]
[WhiteTitle "FM"]
[BlackTitle "IM"]
[WhiteElo "2301"]
[BlackElo "2464"]
[WhiteTeam "Shkola im. M.M. Botvinnika  (Moskva)"]
[BlackTeam "Ladya (Respublika Tatarstan)"]
[WhiteFideId "24250775"]
[BlackFideId "4112253"]
[EventDate "2023.05.01"]
[EventType "team"]

1. e4 c5 2. Nf3 Nc6 3. Nc3 e5 4. Bc4 Be7 5. d3 d6 6. a3 a6 7. Nd5 Nf6 8. Ne3 b5
9. Ba2 Be6 10. Nd5 O-O 11. O-O c4 12. dxc4 bxc4 13. Nxe7+ Qxe7 14. Re1 h6 15. h3
Qc7 16. Nd2 c3 17. bxc3 Bxa2 18. Rxa2 d5 19. exd5 Nxd5 20. Bb2 Rad8 21. Qc1 Na5
22. Ra1 Nf4 23. Nf3 f6 24. Qb1 Qc6 25. Kh2 Kh7 26. Bc1 Rb8 27. Qa2 Nd5 28. a4
Rfc8 29. Nd2 Rc7 30. Ne4 f5 31. Ng3 Nc4 32. Ne2 Rcb7 33. a5 Rb5 34. Qa4 Qc7 35.
Rd1 Rxa5 36. Qxa5 Nxa5 37. Rxd5 Nc4 0-1

[Event "TCh-RUS Premier 2023"]
[Site "Sochi RUS"]
[Date "2023.05.10"]
[Round "9.1"]
[Board "6"]
[White "Gaifullin, Artur"]
[Black "Averin, Nikolay"]
[Result "1-0"]
[WhiteTitle "FM"]
[BlackTitle "FM"]
[WhiteElo "2422"]
[BlackElo "2293"]
[WhiteTeam "Ladya (Respublika Tatarstan)"]
[BlackTeam "Shkola im. M.M. Botvinnika  (Moskva)"]
[WhiteFideId "24168653"]
[BlackFideId "24250473"]
[EventDate "2023.05.01"]
[EventType "team"]

1. d4 d5 2. c4 e6 3. Nc3 Nf6 4. Nf3 Be7 5. Bf4 c5 6. dxc5 Bxc5 7. e3 O-O 8. Qc2
Qa5 9. a3 Be7 10. Bd3 dxc4 11. Bxc4 Nd5 12. Bxd5 exd5 13. O-O Be6 14. b4 Qa6 15.
Nd4 Nd7 16. Ncb5 Rac8 17. Qb3 Qb6 18. Rac1 Nf6 19. a4 Rxc1 20. Rxc1 Rc8 21.
Rxc8+ Bxc8 22. Bb8 a5 23. Bc7 Qa6 24. bxa5 Bd7 25. f3 h6 26. Qc3 Qa8 27. Be5 Ne8
28. Kf2 Bd8 29. Nb3 Bc6 30. Qb4 Qc8 31. N5d4 Nf6 32. Qd6 Bxa4 33. Nc5 Be8 34.
Nxb7 Ne4+ 35. fxe4 Bh4+ 36. g3 Qxb7 37. gxh4 dxe4 38. Qb8 Qe7 39. Nf5 1-0

[Event "TCh-RUS Premier 2023"]
[Site "Sochi RUS"]
[Date "2023.05.10"]
[Round "9.2"]
[Board "1"]
[White "Lazavik, Denis"]
[Black "Paravyan, David"]
[Result "1/2-1/2"]
[WhiteTitle "GM"]
[BlackTitle "GM"]
[WhiteElo "2544"]
[BlackElo "2601"]
[WhiteTeam "Belarus (Respublika Belarus)"]
[BlackTeam "Russkaya shakhmatnaya shkola (Moskva)"]
[WhiteFideId "13515110"]
[BlackFideId "4194985"]
[EventDate "2023.05.01"]
[EventType "team"]

1. d4 Nf6 2. c4 g6 3. Nc3 d5 4. Nf3 Bg7 5. Qb3 dxc4 6. Qxc4 a6 7. Bf4 c6 8. e4
b5 9. Qb3 O-O 10. Be2 Qa5 11. Bd2 b4 12. Na4 Nxe4 13. Bxb4 Qc7 14. O-O a5 15.
Ba3 Be6 16. Bc4 Bxc4 17. Qxc4 Nd6 18. Bxd6 Qxd6 19. Rac1 e6 20. Qe2 Nd7 21. Rc4
e5 22. Rd1 exd4 23. Nxd4 Rae8 24. Qf1 Ne5 25. Nxc6 Qxd1 26. Qxd1 Nxc4 27. g3
Nxb2 28. Nxb2 Bxb2 29. Qd2 Re6 30. Nxa5 Bf6 31. Nb3 Rd8 32. Qc2 Ra8 33. h4 h5
34. Kg2 Rea6 35. Nc1 Bg7 36. Qd2 Kh7 37. Qd5 R8a7 38. Qf3 Ra3 39. Qe4 Bh6 40.
Nd3 Rxa2 41. Ne5 Bg7 42. Nf3 Bf6 43. Qe3 Kg7 44. Ng5 Bxg5 45. hxg5 Ra8 46. Kh3
Kg8 47. f4 R2a5 48. Qb6 Rd5 49. Qc6 Rad8 50. Qb6 R8d7 51. Qb8+ Kg7 52. Qb2+ Kh7
53. Qb8 Kg7 54. Qb2+ Rd4 55. Qc3 Kh7 56. Qc5 Kg8 57. Qc8+ Rd8 58. Qc6 R4d5 59.
Qb6 R5d6 60. Qc7 Rd1 61. Qc6 Rf1 62. Kg2 Re1 63. f5 gxf5 64. g6 Rd2+ 65. Kh3
Rde2 66. gxf7+ Kxf7 67. Kh4 Re6 68. Qf3 Kg7 69. Qxf5 R1e5 70. Qd3 Re4+ 71. Kh3
h4 72. Qc3+ Kg6 73. Qd3 hxg3 74. Kxg3 Kg5 75. Qd2+ Re3+ 76. Kf2 Kg6 77. Qxe3
Rxe3 78. Kxe3 1/2-1/2

[Event "TCh-RUS Premier 2023"]
[Site "Sochi RUS"]
[Date "2023.05.10"]
[Round "9.2"]
[Board "2"]
[White "Kukhmazov, Arsen"]
[Black "Nikitenko, Mihail"]
[Result "1/2-1/2"]
[WhiteTitle "IM"]
[BlackTitle "GM"]
[WhiteElo "2506"]
[BlackElo "2522"]
[WhiteTeam "Russkaya shakhmatnaya shkola (Moskva)"]
[BlackTeam "Belarus (Respublika Belarus)"]
[WhiteFideId "24108260"]
[BlackFideId "13506862"]
[EventDate "2023.05.01"]
[EventType "team"]

1. d4 Nf6 2. c4 e6 3. Nf3 d5 4. Nc3 Be7 5. g3 O-O 6. Bg2 c6 7. O-O a5 8. Re1 b6
9. Nd2 Ba6 10. cxd5 cxd5 11. e4 dxe4 12. Ndxe4 Ra7 13. Nxf6+ Bxf6 14. d5 exd5
15. Nxd5 Bb7 16. Be3 Bxd5 17. Qxd5 Qxd5 18. Bxd5 Nd7 19. Re2 Nc5 20. Rd1 Rd7 21.
Red2 Rc8 22. Bf3 Rxd2 23. Rxd2 Kf8 24. Rd6 Bd8 25. Bg4 Ra8 26. b3 Ke8 27. Be2
Rc8 28. Bb5+ Ke7 29. Rd5 Ke6 30. Bc4 Ke7 31. Bb5 Ke6 32. Rd1 Ke7 33. Kg2 Bc7 34.
Bxc5+ bxc5 35. Rd7+ Ke6 36. a4 Bb6 37. Rb7 Bc7 38. Ra7 Kd6 39. Ra6+ Ke7 40. Rc6
Kd8 41. Rxc5 Bd6 42. Rh5 h6 43. Rd5 Ke7 44. Bc4 Rc5 45. Rd1 Bc7 46. f4 g5 47.
fxg5 hxg5 48. h4 gxh4 49. gxh4 Re5 50. Rh1 Kf6 51. h5 Rg5+ 52. Kf3 Rf5+ 53. Ke2
Kg7 54. h6+ Kh8 55. Bd3 Re5+ 56. Kd1 Bd6 57. Rf1 Re6 58. h7 f6 59. Rg1 Re8 60.
Bf5 Bc5 61. Rg4 Rd8+ 62. Ke2 Bb4 63. Rc4 Bf8 64. Rc7 Rd5 65. Bd3 Rd8 66. Be4 f5
67. Bxf5 Bb4 68. Kf3 Rf8 69. Kg4 Rd8 70. Ra7 Bc3 71. Kh5 Bd2 72. Kg6 Bc3 73. Rc7
Bb4 74. Kf7 Rf8+ 75. Ke6 Rd8 76. Rc4 Rb8 77. Kd7 Be1 78. Bc2 Bd2 79. Kc7 Rf8 80.
Kb6 Rb8+ 81. Ka6 Ra8+ 82. Kb7 Rf8 83. Rc5 Bb4 84. Rd5 Bc3 85. Rd7 Bb4 86. Rd5
Bc3 87. Bd3 Bb4 88. Rg5 Rd8 89. Be4 Re8 90. Rg4 Bc3 91. Kb6 Rb8+ 92. Ka6 Re8 93.
Kb5 Bd2 94. Kc4 Rd8 95. Rg2 Bb4 96. Rg1 Rc8+ 97. Kd5 Rd8+ 98. Kc6 Re8 99. Rg4
Bc3 100. Kd7 Rb8 101. Rg5 Be1 102. Kc7 Re8 103. Bc6 Rf8 104. Kb6 Rb8+ 105. Bb7
Kxh7 106. Ka6 1/2-1/2

[Event "TCh-RUS Premier 2023"]
[Site "Sochi RUS"]
[Date "2023.05.10"]
[Round "9.2"]
[Board "3"]
[White "Fedorov, Alexei"]
[Black "Shuvalova, Polina"]
[Result "1/2-1/2"]
[WhiteTitle "GM"]
[BlackTitle "IM"]
[WhiteElo "2477"]
[BlackElo "2475"]
[WhiteTeam "Belarus (Respublika Belarus)"]
[BlackTeam "Russkaya shakhmatnaya shkola (Moskva)"]
[WhiteFideId "13500465"]
[BlackFideId "24171760"]
[EventDate "2023.05.01"]
[EventType "team"]

1. e4 e5 2. Bc4 Nf6 3. d3 Nc6 4. Nf3 Bc5 5. O-O d6 6. c3 a6 7. Bb3 Ba7 8. Nbd2
O-O 9. h3 h6 10. Re1 Re8 11. Nf1 Be6 12. Be3 1/2-1/2

[Event "TCh-RUS Premier 2023"]
[Site "Sochi RUS"]
[Date "2023.05.10"]
[Round "9.2"]
[Board "4"]
[White "Grebnev, Aleksey"]
[Black "Zarubitski, Viachaslau"]
[Result "1/2-1/2"]
[WhiteTitle "IM"]
[BlackTitle "IM"]
[WhiteElo "2483"]
[BlackElo "2423"]
[WhiteTeam "Russkaya shakhmatnaya shkola (Moskva)"]
[BlackTeam "Belarus (Respublika Belarus)"]
[WhiteFideId "34189030"]
[BlackFideId "13509373"]
[EventDate "2023.05.01"]
[EventType "team"]

1. c4 c6 2. Nf3 Nf6 3. Nc3 d5 4. e3 e6 5. d4 Nbd7 6. Be2 Bd6 7. O-O O-O 8. b3 b6
9. Bb2 Bb7 10. Qc2 Rc8 11. Rad1 c5 12. dxc5 Nxc5 13. cxd5 Nce4 14. Qd3 Nxc3 15.
Bxc3 Nxd5 1/2-1/2

[Event "TCh-RUS Premier 2023"]
[Site "Sochi RUS"]
[Date "2023.05.10"]
[Round "9.2"]
[Board "5"]
[White "Tsaruk, Maksim"]
[Black "Vetokhin, Savva"]
[Result "0-1"]
[WhiteTitle "FM"]
[BlackTitle "IM"]
[WhiteElo "2371"]
[BlackElo "2420"]
[WhiteTeam "Belarus (Respublika Belarus)"]
[BlackTeam "Russkaya shakhmatnaya shkola (Moskva)"]
[WhiteFideId "13511173"]
[BlackFideId "44144474"]
[EventDate "2023.05.01"]
[EventType "team"]

1. e4 c5 2. Nf3 e6 3. d4 cxd4 4. Nxd4 Nf6 5. Nc3 Nc6 6. Nxc6 bxc6 7. e5 Nd5 8.
Ne4 Qc7 9. f4 a5 10. Bd3 d6 11. exd6 Bxd6 12. Nxd6+ Qxd6 13. O-O O-O 14. b3 Rd8
15. Bb2 Nxf4 16. Qf3 e5 17. Bxe5 Qxe5 18. Qxf4 Qxf4 19. Rxf4 Be6 20. Re1 g6 21.
Kf2 Kg7 22. Re5 Bd5 23. Re7 c5 24. g3 Kf8 25. Re5 Ra7 26. Be4 Bxe4 27. Rfxe4 f5
28. Rc4 Rd2+ 29. Ke3 Rxh2 30. Rcxc5 Rd7 31. a4 Kg7 32. Rc3 Rg2 33. Kf3 Rdd2 34.
Rxa5 Rde2 35. g4 fxg4+ 36. Kf4 Kh6 37. Rg3 Rxc2 38. Rxg2 Rxg2 39. b4 Rg1 40. Ra6
Kh5 41. b5 Kh4 42. Rc6 Rf1+ 43. Ke4 g3 44. Rc2 Ra1 45. b6 Rxa4+ 46. Kd5 Kh3 47.
Rc7 h5 48. Rg7 Rb4 49. Rxg6 h4 0-1

[Event "TCh-RUS Premier 2023"]
[Site "Sochi RUS"]
[Date "2023.05.10"]
[Round "9.2"]
[Board "6"]
[White "Nesterov, Arseniy"]
[Black "Stribuk, Artiom"]
[Result "1-0"]
[WhiteTitle "GM"]
[BlackTitle "FM"]
[WhiteElo "2562"]
[BlackElo "2376"]
[WhiteTeam "Russkaya shakhmatnaya shkola (Moskva)"]
[BlackTeam "Belarus (Respublika Belarus)"]
[WhiteFideId "24198455"]
[BlackFideId "13515659"]
[EventDate "2023.05.01"]
[EventType "team"]

1. Nf3 c5 2. c4 Nc6 3. Nc3 e5 4. g3 d6 5. Bg2 g6 6. d3 Bg7 7. Nd2 f5 8. Nf1 h6
9. Ne3 Nf6 10. Ned5 O-O 11. Rb1 a5 12. a3 Be6 13. O-O Kh8 14. Bd2 Bxd5 15. Nxd5
Nxd5 16. Bxd5 a4 17. b4 axb3 18. Rxb3 Ra7 19. e3 f4 20. exf4 Nd4 21. Rxb7 Rxa3
22. fxe5 Rxd3 23. Bxh6 1-0

[Event "TCh-RUS Premier 2023"]
[Site "Sochi RUS"]
[Date "2023.05.10"]
[Round "9.3"]
[Board "1"]
[White "Murzin, Volodar"]
[Black "Chekhov, Sergei"]
[Result "1-0"]
[WhiteTitle "GM"]
[BlackTitle "IM"]
[WhiteElo "2577"]
[BlackElo "2453"]
[WhiteTeam "Sbornaya Novosibirskoy oblasti (Novosibir"]
[BlackTeam "Inleksis (Voronezhskaya oblast)"]
[WhiteFideId "44155573"]
[BlackFideId "4195639"]
[EventDate "2023.05.01"]
[EventType "team"]

1. e4 c5 2. Nf3 e6 3. c3 d5 4. e5 d4 5. d3 Nc6 6. g3 Nge7 7. Bg2 Ng6 8. Qe2 Qc7
9. cxd4 cxd4 10. O-O Ncxe5 11. Nxe5 Qxe5 12. Be4 f5 13. f4 Qf6 14. Bg2 Bd6 15.
Nd2 O-O 16. Nc4 Bc7 17. Bd2 Re8 18. h4 Nh8 19. Qe1 Nf7 20. Ba5 Qd8 21. Rc1 Bxa5
22. Qxa5 Bd7 23. Bxb7 Rb8 24. Qxd8 Rexd8 25. Ba6 Bc6 26. a3 Bd5 27. b4 Rd7 28.
Rc2 Kf8 29. Rfc1 Ke7 30. Ne5 Nxe5 31. fxe5 Kd8 32. Rc5 Rb6 33. Bb5 Rdb7 34. Rc8+
Ke7 35. Be8 a5 36. b5 a4 37. h5 Ra7 38. R1c5 Rbb7 39. Kh2 Ra5 40. Kh3 Raa7 41.
Kh4 Ra5 42. Kg5 Rba7 43. Rxd5 exd5 44. b6 h6+ 45. Kxf5 Rb7 46. Bc6 Rxb6 47. Re8+
Kf7 48. e6# 1-0

[Event "TCh-RUS Premier 2023"]
[Site "Sochi RUS"]
[Date "2023.05.10"]
[Round "9.3"]
[Board "2"]
[White "Rodin, Dmitrij"]
[Black "Bocharov, Dmitry"]
[Result "0-1"]
[WhiteTitle "IM"]
[BlackTitle "GM"]
[WhiteElo "2325"]
[BlackElo "2516"]
[WhiteTeam "Inleksis (Voronezhskaya oblast)"]
[BlackTeam "Sbornaya Novosibirskoy oblasti (Novosibir"]
[WhiteFideId "4127412"]
[BlackFideId "4138716"]
[EventDate "2023.05.01"]
[EventType "team"]

1. e4 c5 2. Nf3 d6 3. d4 cxd4 4. Nxd4 Nf6 5. Nc3 a6 6. Be3 e5 7. Nf3 Be7 8. Bc4
Be6 9. Bb3 Nbd7 10. O-O Rc8 11. Qd3 Qc7 12. Rad1 O-O 13. Rfe1 b5 14. a3 Rfd8 15.
h3 Qb7 16. Ng5 Bc4 17. Bxc4 Rxc4 18. Nd5 Nxd5 19. exd5 Bxg5 20. Bxg5 Rdc8 21. c3
a5 22. Qg3 f6 23. Be3 Nf8 24. f4 Ng6 25. fxe5 Nxe5 26. Bd4 Qf7 27. Rf1 Qg6 28.
Qf2 h6 29. Qe2 b4 30. axb4 axb4 31. Rf4 Qe8 32. Re1 bxc3 33. bxc3 R4c7 34. Kh1
Re7 35. Re4 Qd7 36. Ra1 Rce8 37. Ra7 Qc8 38. Rxe7 Rxe7 39. c4 f5 40. Re3 f4 41.
Rc3 f3 42. Qf2 fxg2+ 43. Kxg2 Ng6 44. Qg3 Qf5 45. Bf2 Nf4+ 46. Kf1 Qb1+ 47. Be1
Qe4 48. Bf2 Ne2 49. Qf3 Nxc3 50. Qxc3 Qh1+ 0-1

[Event "TCh-RUS Premier 2023"]
[Site "Sochi RUS"]
[Date "2023.05.10"]
[Round "9.3"]
[Board "3"]
[White "Kezin, Roman"]
[Black "Klimentov, Evgeny"]
[Result "1-0"]
[WhiteTitle "IM"]
[BlackTitle "FM"]
[WhiteElo "2514"]
[BlackElo "2305"]
[WhiteTeam "Sbornaya Novosibirskoy oblasti (Novosibir"]
[BlackTeam "Inleksis (Voronezhskaya oblast)"]
[WhiteFideId "24124621"]
[BlackFideId "24128899"]
[EventDate "2023.05.01"]
[EventType "team"]

1. Nf3 Nf6 2. g3 b6 3. Bg2 Bb7 4. c4 e6 5. O-O Be7 6. d4 O-O 7. h4 h6 8. Re1 d5
9. cxd5 exd5 10. Nc3 Nbd7 11. Bf4 c5 12. Rc1 Ne4 13. Qa4 Ndf6 14. Red1 Nxc3 15.
bxc3 c4 16. Ne5 Qc8 17. Qc2 Re8 18. Rb1 Nh5 19. Be3 Bd6 20. a4 Qe6 21. Bf3 Nf6
22. a5 Bc7 23. Bf4 Ne4 24. Bg4 Qe7 25. Bh5 Rf8 26. Bf3 Qe6 27. Ng6 fxg6 28. Bxc7
Rf7 29. axb6 Raf8 30. Rf1 g5 31. h5 a6 32. Ra1 g4 33. Bxe4 dxe4 34. e3 Rf5 35.
Qe2 Rxh5 36. Ra4 Qf5 37. Rxc4 Qg6 38. Rc5 Rff5 39. Rxf5 Qxf5 40. Kg2 Kh7 41. c4
a5 42. Rh1 Rxh1 43. Kxh1 a4 44. d5 a3 45. Qa2 Ba6 46. Kg1 Qf3 47. Qxa3 Qd1+ 48.
Kh2 Qf3 49. Qa2 Bxc4 50. Qxc4 Qxf2+ 51. Kh1 Qf3+ 52. Kg1 Qxe3+ 53. Kf1 Qf3+ 54.
Ke1 e3 55. Qf4 Qh1+ 56. Ke2 Qxd5 57. Kxe3 1-0

[Event "TCh-RUS Premier 2023"]
[Site "Sochi RUS"]
[Date "2023.05.10"]
[Round "9.3"]
[Board "4"]
[White "Popov, Maksim"]
[Black "Khubukshanov, Erdem"]
[Result "0-1"]
[WhiteTitle "FM"]
[BlackTitle "IM"]
[WhiteElo "2338"]
[BlackElo "2388"]
[WhiteTeam "Inleksis (Voronezhskaya oblast)"]
[BlackTeam "Sbornaya Novosibirskoy oblasti (Novosibir"]
[WhiteFideId "54123968"]
[BlackFideId "54114527"]
[EventDate "2023.05.01"]
[EventType "team"]

1. e4 c5 2. Nf3 d6 3. c3 Nf6 4. Be2 g6 5. O-O Bg7 6. Bb5+ Nc6 7. d4 O-O 8. d5 a6
9. Bd3 Na5 10. Nbd2 b5 11. Re1 e6 12. dxe6 Bxe6 13. e5 dxe5 14. Nxe5 Qc7 15.
Ndf3 Rad8 16. Qe2 Rfe8 17. Bg5 h6 18. Bh4 Rd5 19. Qc2 c4 20. Be4 Nxe4 21. Qxe4
f5 22. Qe3 g5 23. Bxg5 hxg5 24. Qxg5 Bf7 25. Nxf7 Rxe1+ 26. Rxe1 Qxf7 27. h4 Nc6
28. h5 Qf6 29. Qxf6 Bxf6 30. Re6 Ne5 31. Nd4 Nd7 32. Nf3 a5 33. g3 Kh7 34. b3
Kh6 35. bxc4 bxc4 36. Rc6 Kxh5 37. Rxc4 Rc5 38. Rf4 Bxc3 39. Kg2 Bf6 40. Ne1 Be7
41. Kf1 Nf6 42. Nd3 Rb5 43. a4 Rb1+ 44. Kg2 Kg5 45. Ne5 Nd5 46. Rd4 Nb6 47. Nc6
Bb4 48. Kh3 Rb2 49. f4+ Kf6 50. Nxb4 Rxb4 51. Rd1 Nc4 52. Ra1 Ne3 53. Ra3 Ng4
54. Kg2 Ke6 55. Ra2 Rc4 56. Kf3 Kd5 57. Rb2 Rc3+ 58. Kg2 Ke4 59. Rb5 Rc2+ 60.
Kf1 Ne3+ 0-1

[Event "TCh-RUS Premier 2023"]
[Site "Sochi RUS"]
[Date "2023.05.10"]
[Round "9.3"]
[Board "5"]
[White "Obgolts, Erik"]
[Black "Kuzminykh, Nikita"]
[Result "1-0"]
[WhiteTitle "FM"]
[WhiteElo "2455"]
[BlackElo "2063"]
[WhiteTeam "Sbornaya Novosibirskoy oblasti (Novosibir"]
[BlackTeam "Inleksis (Voronezhskaya oblast)"]
[WhiteFideId "24199044"]
[BlackFideId "54150540"]
[EventDate "2023.05.01"]
[EventType "team"]

1. Nf3 d5 2. g3 c6 3. Bg2 e6 4. O-O Nf6 5. d3 Be7 6. Nbd2 O-O 7. e4 Nbd7 8. e5
Ne8 9. Re1 b5 10. Nf1 Bb7 11. h4 c5 12. Ng5 h6 13. Nh3 Qc7 14. Qh5 d4 15. Bxb7
Qxb7 16. Nh2 c4 17. Bf4 cxd3 18. cxd3 Rc8 19. Ng4 f5 20. exf6 Ndxf6 21. Qg6 Nxg4
22. Qxg4 Rf6 23. Be5 Qf3 24. Qxf3 Rxf3 25. Nf4 Rc2 26. Bxd4 Bf6 27. Bxa7 Bxh4
28. Rxe6 Nf6 29. Re2 Rxe2 30. Nxe2 Bg5 31. Kg2 Rxd3 32. f4 Bxf4 33. gxf4 Rd2 34.
Kf1 Ne4 35. Bd4 h5 36. Bc3 Rd3 37. Kg2 h4 38. Rg1 Re3 39. Kf1 Rf3+ 40. Ke1 g5
41. fxg5 h3 42. Rg4 h2 43. Rh4 Nxg5 44. Rxh2 Rxc3 45. Nxc3 Nf3+ 46. Ke2 Nxh2 47.
Nxb5 Kf7 48. Nd4 Ng4 49. Kd3 Ke7 50. b4 Kd6 51. Nf5+ Kc6 52. a4 Ne5+ 53. Kd4 Nd7
54. Ne7+ Kb6 55. Nd5+ Ka6 56. Ke4 Kb7 57. Kd3 Ka7 58. Kc4 Ka6 59. Kb3 Ne5 60.
Ne3 Nd7 61. Nc4 Nf6 62. b5+ Kb7 63. a5 Nd5 64. Nd6+ Kc7 65. Ne4 Kb8 66. Kc4 Nc7
67. b6 Ne6 68. Nc5 Nd8 69. Kd5 Ka8 70. a6 Kb8 71. Ne6 1-0